Estudios filosóficos

Na minha lista:
Detalhes bibliográficos
Autor principal: Juárez-Paz, Roberto
Formato: Livro
Idioma:Undetermined
Publicado em: Guatemala José de Piedra Ibarra 1977
Assuntos:
Tags: Adicionar Tag
Sem tags, seja o primeiro a adicionar uma tag!

MARC

LEADER 00000nam a2200000Ia 4500
008 170316s9999 xx 000 0 und d
090 |a 100 J-13et 
100 |a Juárez-Paz, Roberto 
245 |a Estudios filosóficos 
260 |a Guatemala 
260 |b José de Piedra Ibarra 
260 |c 1977 
300 |a 232 páginas 
650 |a FILOSOFÍA 
999 |c 16588  |d 16588 
040 |a cru BVZT 
942 |c 15 D  |h 100 J-13et  |2 z